OBOB 2011 by Names Quiz Stats

 Plays Quiz not verified by Sporcle

Support Sporcle.
Go Orange.
Score 0/50 Timer 10:00
0 Plays Today
Name Title % Correct
Barton SnodeCity of Ember
100%
Dr. VossSecret Identity
83.3%
Karl TerikMasterpiece
83.3%
Niccolo PoloMarco? Polo!
83.3%
Deborah ReadWho Was Ben Franklin?
66.7%
Agnes MenettiPaint the Wind
66.7%
Miss EmilyAlvin Ho: Allergic to Girls, School...
66.7%
Dr. BevisSmall Steps: The Year I Got Polio
66.7%
Mrs. HowardJoey Pigza Swallowed the Key
66.7%
Dunlap DewberryBecause of Winn-Dixie
66.7%
Barnaby MelanoffThe Willoughbys
66.7%
Erethizon DorsatumPoppy
66.7%
Kublai KhanMarco? Polo!
66.7%
Sadge MerrallCity of Ember
66.7%
Olaf SeltzerPaint the Wind
66.7%
Jim MaineKeeping Score
66.7%
Miss SurkitSecret Identity
66.7%
Abiah FranklinWho Was Ben Franklin?
66.7%
Henry David ThoreauAlvin Ho: Allergic to Girls, School...
66.7%
Richard OlenkaDiamond Willow
50%
General BurgoyneArrow Over the Door
50%
Witchy JasperRapunzel's Revenge
50%
Robert NisbetArrow Over the Door
50%
Red BarberKeeping Score
50%
Mrs. JarzabJoey Pigza Swallowed the Key
50%
Name Title % Correct
Chase MortonSecret Identity
50%
Frederick LimnerPaint the Wind
50%
Mrs. PestalozziAlvin Ho: Allergic to Girls, School...
50%
Emily MacmillanRapunzel's Revenge
50%
John HancockWho Was Ben Franklin?
50%
Amanda WilkinsonBecause of Winn-Dixie
50%
Miss BallardSmall Steps: The Year I Got Polio
50%
Brian WashingtonSecret Identity
50%
Russ HodgesKeeping Score
33.3%
Richard SaundersWho Was Ben Franklin?
33.3%
Edward PocketCity of Ember
33.3%
Christina BalconyMasterpiece
33.3%
Cherry JonesBecause of Winn-Dixie
33.3%
Arpeggio SmithThe Willoughbys
33.3%
Daisuke MatsuzakaAlvin Ho: Allergic to Girls, School...
33.3%
Farmer LamoutPoppy
33.3%
Loris HarrowCity of Ember
33.3%
Adam McCauleyMarco? Polo!
33.3%
Deaphon EluskaDiamond Willow
33.3%
Mrs. WebsterPaint the Wind
33.3%
Jonathan RussellArrow Over the Door
33.3%
Dr. PrestonJoey Pigza Swallowed the Key
33.3%
Clary LaineCity of Ember
33.3%
Dennis E. MacGuffinMasterpiece
33.3%
Seth JustmanJoey Pigza Swallowed the Key
33.3%

You're not logged in!

Compare scores with friends on all Sporcle quizzes.
OR
Log In

From the Vault

Stranger Things Quotes

by aurrichio

...suddenly we're craving Eggos.
Remove Ads.
Support Sporcle.
Get the best of Sporcle when you Go Orange. This ad-free experience offers more features, more stats, and more fun while also helping to support Sporcle. Thank you for becoming a member.

Show Comments

Extras

Created Feb 28, 2011ReportNominate
Tags:Book Quiz, 2011, found

Top Quizzes Today


Score Distribution

Your Account Isn't Verified!

In order to create a playlist on Sporcle, you need to verify the email address you used during registration. Go to your Sporcle Settings to finish the process.

Report this User

Report this user for behavior that violates our Community Guidelines.

Details: